[Event "Championnat de France des Jeunes - Juni"]
[Site "TROYES"]
[Date "2010.04.17"]
[Round "8.1"]
[White "Delorme, Axel"]
[Black "Valles, Manuel"]
[Result "1-0"]
[WhiteElo "2429"]
[BlackElo "2242"]
[PlyCount "0"]

1. e4 c5 2. Nf3 e6 3. d4 cxd4 4. Nxd4 Nf6 5. Nc3 Nc6 6. Nxc6 bxc6 7. e5 Nd5 8.
Ne4 Qc7 9. f4 Qb6 10. c4 Bb4+ 11. Ke2 f5 12. exf6 Nxf6 13. Nd6+ Bxd6 14. Qxd6
Bb7 15. b3 Ne4 16. Qe5 Qf2+ 17. Kd3 d5 18. Qxe6+ Kd8 19. Be3 Qb2 20. Qe5 dxc4+
21. bxc4 Qa3+ 22. Kxe4 c5+ 23. Kf5 Bc8+ 24. Kg5 h6+ 25. Kh4 Bd7 26. Rd1 Qa4 27.
Qd5 Kc8 28. Qxc5+ Bc6 29. Be2 1-0

[Event "Championnat de France des Jeunes - Juni"]
[Site "TROYES"]
[Date "2010.04.17"]
[Round "8.2"]
[White "Migot, Tangi"]
[Black "Demuth, Adrien"]
[Result "0-1"]
[WhiteElo "2195"]
[BlackElo "2398"]
[Annotator "Rivier,Sylvain"]
[PlyCount "64"]

1. e4 c5 2. Nf3 Nc6 3. Nc3 d6 4. d4 cxd4 5. Nxd4 Nf6 6. Bg5 e6 7. Qd2 a6 8.
O-O-O Nxd4 9. Qxd4 Be7 10. f3 O-O 11. h4 b5 12. Kb1 Bb7 13. g4 Qc7 14. Bxf6
Bxf6 15. Qxd6 Qa5 16. Qd2 b4 17. Ne2 Rad8 18. Qc1 Rxd1 19. Qxd1 Qe5 20. Qc1 Rd8
21. Bg2 Rd2 22. Re1 g5 23. hxg5 Bxg5 24. f4 Bxf4 25. Nxf4 Qxf4 26. Re2 Rxe2 27.
Qxf4 Re1+ 28. Qc1 Rxc1+ 29. Kxc1 f5 30. gxf5 exf5 31. Kd2 fxe4 32. Ke3 Kf7 {
suite illisible} 0-1

[Event "Championnat de France des Jeunes - Juni"]
[Site "TROYES"]
[Date "2010.04.17"]
[Round "8.3"]
[White "Poignot, Quentin"]
[Black "Moucheroud, Jeremy"]
[Result "0-1"]
[WhiteElo "2138"]
[BlackElo "2058"]
[PlyCount "76"]

1. e4 c5 2. Nf3 Nc6 3. d4 cxd4 4. Nxd4 Nf6 5. Nc3 e5 6. Ndb5 d6 7. Bg5 a6 8.
Na3 b5 9. Nd5 Be7 10. Bxf6 Bxf6 11. c4 b4 12. Nc2 a5 13. g3 g6 14. h4 Bg7 15.
h5 O-O 16. Bh3 Bxh3 17. Rxh3 Qg5 18. Qd2 Qxd2+ 19. Kxd2 Rab8 20. b3 f5 21. hxg6
hxg6 22. exf5 Rxf5 23. Ke2 Rbf8 24. Rh2 e4 25. Rd1 Be5 26. Nde3 Rf3 27. Ng4 Rc3
28. Rd2 a4 29. Nxe5 dxe5 30. Rh4 Rxc2 31. Rxc2 Nd4+ 32. Kd1 Nxc2 33. Kxc2 Rxf2+
34. Kd1 a3 35. Rxe4 Rxa2 36. Rxe5 Rg2 37. Ra5 Rxg3 38. Kc2 Rc3+ 0-1

[Event "Championnat de France des Jeunes - Juni"]
[Site "TROYES"]
[Date "2010.04.17"]
[Round "8.4"]
[White "Levitt, Olivier"]
[Black "Blum, Nicolas"]
[Result "1/2-1/2"]
[WhiteElo "2004"]
[BlackElo "2268"]
[PlyCount "71"]

1. e4 g6 2. d4 Bg7 3. Nf3 d6 4. Bc4 c6 5. Bb3 d5 6. c3 Nf6 7. Nbd2 Bg4 8. h3
Bxf3 9. Qxf3 e6 10. h4 h5 11. Qe2 Nbd7 12. g4 Qe7 13. g5 Nxe4 14. Nxe4 dxe4 15.
Qxe4 O-O 16. Bf4 a5 17. O-O Nb6 18. a4 Nd5 19. Bxd5 cxd5 20. Qe2 Qd7 21. Qb5
Qc6 22. Ra3 Rfc8 23. Rb3 Ra7 24. Ra1 Bf8 25. Be5 Be7 26. Kg2 Bd8 27. Kg1 Bc7
28. f4 Bd8 29. Kf2 Be7 30. Ke3 Rd8 31. Kf3 Rc8 32. Ke3 Qxb5 33. Rxb5 Kf8 34.
Kf3 Ke8 35. Rd1 Kd7 36. b3 1/2-1/2

[Event "Championnat de France des Jeunes - Juni"]
[Site "TROYES"]
[Date "2010.04.17"]
[Round "8.5"]
[White "Stephan, Victor"]
[Black "Charrais, Kevin"]
[Result "1-0"]
[WhiteElo "2244"]
[BlackElo "1888"]
[PlyCount "95"]

1. d4 d5 2. c4 c6 3. Nf3 Nf6 4. Nc3 Bf5 5. cxd5 Nxd5 6. Nh4 Bg4 7. f3 Bh5 8. e4
Nxc3 9. bxc3 e6 10. g3 Bd6 11. Bc4 Nd7 12. O-O O-O 13. e5 Be7 14. Ng2 Nb6 15.
Bb3 Bg6 16. Nf4 c5 17. Nxg6 hxg6 18. Bb2 Rc8 19. Qe2 Qd7 20. a4 cxd4 21. cxd4
Nd5 22. Qb5 Rc6 23. Rac1 a6 24. Qd3 Rfc8 25. Rxc6 Rxc6 26. h4 Qd8 27. Rc1 Qa5
28. Kf2 Rxc1 29. Bxc1 Qc3 30. Qxc3 Nxc3 31. Ke3 b5 32. axb5 axb5 33. Bd2 Nd5+
34. Ke4 Nb4 35. Bd1 f6 36. Be2 f5+ 37. Ke3 Nd5+ 38. Kd3 Kf7 39. f4 Bf8 40. Kc2
Nb4+ 41. Kb3 Nc6 42. Bc3 Na7 43. Bf3 Ke8 44. Bb4 Bxb4 45. Kxb4 Kd7 46. Kc5 Kc7
47. Be2 b4 48. Bc4 1-0

[Event "Championnat de France des Jeunes - Juni"]
[Site "TROYES"]
[Date "2010.04.17"]
[Round "8.6"]
[White "Dubois, Pierre"]
[Black "Younes, Jean-Francois"]
[Result "1/2-1/2"]
[WhiteElo "1882"]
[BlackElo "1777"]
[Annotator "Rivier,Sylvain"]
[PlyCount "42"]

1. e4 d6 2. d4 Nf6 3. Nc3 g6 4. Bf4 Bg7 5. Qd2 O-O 6. O-O-O c6 7. Be2 b5 8. h4
b4 9. Nb1 Nxe4 10. Qe3 d5 11. h5 Nd7 12. g4 Ndf6 13. f3 Nd6 14. Nh3 Nd7 15. Bh6
a5 16. Bxg7 Kxg7 17. hxg6 fxg6 18. Ng5 Rh8 19. Rh2 Nf7 20. Rdh1 e6 21. Nxf7
Kxf7 {suite illisible} 1/2-1/2

[Event "Championnat de France des Jeunes - Juni"]
[Site "TROYES"]
[Date "2010.04.17"]
[Round "8.7"]
[White "Obert, Julien"]
[Black "Favarel, Antoine"]
[Result "0-1"]
[WhiteElo "1797"]
[BlackElo "2231"]
[PlyCount "112"]

1. e4 c5 2. Nf3 Nc6 3. d4 cxd4 4. Nxd4 Nf6 5. Nc3 e5 6. Ndb5 d6 7. Nd5 Nxd5 8.
exd5 Nb8 9. c4 Be7 10. Be2 O-O 11. O-O a6 12. Nc3 f5 13. f4 Nd7 14. Qc2 g6 15.
Be3 Bf6 16. Rad1 Re8 17. Rfe1 b6 18. Qd2 Bb7 19. Bf1 Qc7 20. Rc1 Re7 21. b3
Rae8 22. Kh1 exf4 23. Bxf4 Rxe1 24. Rxe1 Be5 25. Ne2 Nf6 26. Ng3 Qd7 27. h3 Kf7
28. Bxe5 dxe5 29. Qf2 Qd6 30. Bd3 Kg8 31. Bb1 e4 32. Ne2 Nh5 33. g3 b5 34. Kg2
bxc4 35. bxc4 Rc8 36. Qd4 e3 37. Kh2 Qb4 38. Rc1 a5 39. Qxe3 Ng7 40. Qd4 Qa3
41. Rc3 Qb2 42. Qd1 Ba6 43. Qc2 Qb4 44. a3 Qc5 45. Nf4 Qd4 46. Ne6 Nxe6 47.
dxe6 f4 48. Ba2 Re8 49. c5 Kg7 50. c6 Rf8 51. g4 f3 52. e7 Qe5+ 53. Kh1 Qe1+
54. Kh2 Qxe7 55. c7 Qe5+ 56. Kh1 f2 0-1

[Event "Championnat de France des Jeunes - Juni"]
[Site "TROYES"]
[Date "2010.04.17"]
[Round "8.8"]
[White "Robert, Bastien"]
[Black "Lepigoche, Cyril"]
[Result "1-0"]
[WhiteElo "2052"]
[BlackElo "2100"]
[PlyCount "109"]

1. d4 d5 2. c4 c6 3. Nf3 Nf6 4. Qb3 Nbd7 5. g3 e6 6. Bg2 Bd6 7. O-O O-O 8. Rd1
Re8 9. Nc3 a6 10. Ne1 b5 11. cxb5 cxb5 12. e4 dxe4 13. Nxe4 Nxe4 14. Bxe4 Rb8
15. Be3 Qe7 16. Rac1 Nb6 17. Bc6 Rd8 18. Nd3 Bb7 19. Ne5 Rbc8 20. h4 h6 21. Bg2
Bxg2 22. Kxg2 Qb7+ 23. f3 Nd5 24. Bf2 a5 25. a4 b4 26. Nc4 Bc7 27. Rc2 Rd7 28.
Rdc1 Rcd8 29. Nd2 Nf6 30. Rc5 Bb6 31. Rb5 Rd5 32. Rcc5 Qa7 33. Rxd5 exd5 34.
Nf1 Rd6 35. Ne3 Qd7 36. g4 Bxd4 37. Nf5 Bxf2 38. Nxd6 Qxd6 39. Kxf2 Qh2+ 40.
Kf1 g6 41. Rxa5 Qh3+ 42. Ke2 Qh2+ 43. Kd1 Qxh4 44. Ra8+ Kh7 45. a5 Qh1+ 46. Kc2
Kg7 47. Qxb4 Qg2+ 48. Kb1 g5 49. a6 Qxf3 50. a7 d4 51. Rc8 Qf1+ 52. Rc1 Qd3+
53. Ka2 Nd5 54. Qa3 Nb6 55. Qxd3 1-0

[Event "Championnat de France des Jeunes - Juni"]
[Site "TROYES"]
[Date "2010.04.17"]
[Round "8.9"]
[White "Bressac, Stephane"]
[Black "Roubert, Emile"]
[Result "1-0"]
[WhiteElo "2197"]
[BlackElo "1925"]
[PlyCount "129"]

1. e4 e5 2. Nf3 Nc6 3. Nc3 Nf6 4. Bb5 Bb4 5. O-O O-O 6. d3 d6 7. Bg5 Bxc3 8.
bxc3 Ne7 9. Bxf6 gxf6 10. d4 Ng6 11. Bd3 Bg4 12. h3 Bxf3 13. Qxf3 Nf4 14. g3
Ne6 15. d5 Nc5 16. Qh5 Kh8 17. f4 Qe7 18. Kh2 Rg8 19. fxe5 Qxe5 20. Qxe5 fxe5
21. Rxf7 Rg7 22. Raf1 Rag8 23. g4 Rxf7 24. Rxf7 Rg7 25. Rf8+ Rg8 26. Rxg8+ Kxg8
27. g5 Kg7 28. Kg3 Na4 29. c4 Nc3 30. a3 b6 31. Kg4 a5 32. Kf5 Kf7 33. h4 Nd1
34. Kg4 Nf2+ 35. Kg3 Nd1 36. h5 Ne3 37. Kf3 Nd1 38. Ke2 Nc3+ 39. Kd2 Na4 40. c3
Nc5 41. Bc2 a4 42. Ke3 Kg7 43. Kf3 Nb3 44. Kg4 Nd2 45. Bd3 Kf7 46. Kf5 Nb3 47.
g6+ hxg6+ 48. hxg6+ Kg7 49. Bc2 Nc5 50. Bb1 Nb3 51. Ke6 Na5 52. Bd3 Nb3 53. Ke7
Nc5 54. Bc2 Kxg6 55. Kd8 Kf7 56. Kxc7 Ke7 57. Kxb6 Kd7 58. Bd1 Nxe4 59. Bxa4+
Ke7 60. Bc2 Nxc3 61. a4 e4 62. Bxe4 Nxe4 63. a5 Nc5 64. a6 Nxa6 65. Kxa6 1-0

[Event "Championnat de France des Jeunes - Juni"]
[Site "TROYES"]
[Date "2010.04.17"]
[Round "8.10"]
[White "Figier, Anthony"]
[Black "Morlino, Jean-Baptiste"]
[Result "1-0"]
[WhiteElo "1592"]
[BlackElo "2013"]
[PlyCount "119"]

1. e4 d6 2. d4 Nf6 3. Nc3 c6 4. Be3 Qa5 5. Qd2 e5 6. dxe5 dxe5 7. h3 Bb4 8. Bd3
O-O 9. Nge2 Rd8 10. Bg5 Rd6 11. Qe3 h6 12. Bh4 Bc5 13. Qf3 Nbd7 14. O-O Nf8 15.
a3 Qd8 16. Bg3 Ng6 17. Na4 Bb6 18. Nxb6 axb6 19. Nc3 Nh7 20. Qe3 Rf6 21. Ne2
Ng5 22. f4 exf4 23. Nxf4 Ne5 24. Rad1 Nxd3 25. Rxd3 Qe7 26. Qxb6 Nxe4 27. Rd8+
Kh7 28. Re1 Ra6 29. Qd4 Bf5 30. Nh5 Rg6 31. Kh2 Qg5 32. Rxe4 Bxe4 33. Qxe4 Qxh5
34. Qe8 Rxg3 35. Kxg3 Ra5 36. Qg8+ Kg6 37. Rd6+ f6 38. Qe8+ Kh7 39. Qxh5 Rxh5
40. Rd7 b5 41. Rc7 Rc5 42. c3 Kg6 43. Kf3 f5 44. Ke3 Kf6 45. Kd4 Rd5+ 46. Ke3
Rd6 47. b3 g5 48. a4 bxa4 49. bxa4 f4+ 50. Ke2 Ke5 51. a5 Kd5 52. a6 c5 53. a7
Ra6 54. Kf3 Kc4 55. Kg4 Kd3 56. h4 c4 57. hxg5 hxg5 58. Kxg5 Kxc3 59. Kxf4 Kc2
60. Rxc4+ 1-0

[Event "Championnat de France - Juniors Filles"]
[Site "TROYES"]
[Date "2010.04.17"]
[Round "7.1"]
[White "Peyre, Camille"]
[Black "Richard, Emma"]
[Result "1/2-1/2"]
[WhiteElo "1931"]
[BlackElo "2116"]
[PlyCount "57"]

1. d4 Nf6 2. c4 e6 3. Nc3 c5 4. d5 exd5 5. cxd5 d6 6. e4 g6 7. f4 Bg7 8. Bb5+
Nfd7 9. a4 O-O 10. Nf3 Re8 11. O-O a6 12. Bd3 Nf6 13. Re1 Nbd7 14. h3 Nf8 15.
Bf1 b6 16. e5 N6d7 17. e6 fxe6 18. dxe6 Nf6 19. Ng5 Bxe6 20. Nxe6 Rxe6 21. Bc4
d5 22. Rxe6 Nxe6 23. Nxd5 Kh8 24. Be3 Nd4 25. Bxd4 cxd4 26. Qxd4 Nxd5 27. Qxd5
Qxd5 28. Bxd5 Rd8 29. Bb7 1/2-1/2

[Event "Championnat de France - Juniors Filles"]
[Site "TROYES"]
[Date "2010.04.17"]
[Round "7.2"]
[White "Forestier, Carole"]
[Black "Vinckier, Delphine"]
[Result "1-0"]
[WhiteElo "2127"]
[BlackElo "1811"]
[PlyCount "113"]

1. c4 b6 2. Nf3 Bb7 3. g3 Nf6 4. Bg2 e6 5. O-O Be7 6. Nc3 O-O 7. Re1 d6 8. d4
Nbd7 9. e4 e5 10. Qc2 c6 11. b3 Qc7 12. Ba3 Rfe8 13. Rad1 a5 14. Re2 Ba6 15.
Red2 b5 16. Ne2 bxc4 17. bxc4 Nb6 18. c5 Nc4 19. cxd6 Nxa3 20. dxc7 Nxc2 21.
Rxc2 Nxe4 22. Nc1 Bb5 23. Nxe5 f5 24. Nxc6 Bd6 25. Nxa5 Bxc7 26. Rxc7 Rxa5 27.
Bf1 Bxf1 28. Kxf1 Rd8 29. f3 Nf6 30. Ke1 Ra4 31. Rc5 g6 32. d5 Ra6 33. Rc6 Rxc6
34. dxc6 Rc8 35. Nd3 Rxc6 36. Kd2 Nd5 37. Rc1 Ra6 38. Rc2 Kg7 39. Kc1 Ra3 40.
Rd2 Ne3 41. Ne5 Kf6 42. f4 Ke6 43. Kb2 Ra6 44. Kb3 Rb6+ 45. Ka4 Nd5 46. Ka5 Rb8
47. a4 Ra8+ 48. Kb5 Nc3+ 49. Kc6 Nxa4 50. Rd6+ Ke7 51. Rd7+ Ke8 52. Rxh7 Rc8+
53. Kd6 Rd8+ 54. Kc7 Rd2 55. Nxg6 Rc2+ 56. Kd6 Rd2+ 57. Ke5 1-0

[Event "Championnat de France - Juniors Filles"]
[Site "TROYES"]
[Date "2010.04.17"]
[Round "7.3"]
[White "Esposito, Julie"]
[Black "Armas, Lara-Maria"]
[Result "1-0"]
[WhiteElo "1767"]
[BlackElo "2008"]
[PlyCount "95"]

1. e4 d5 2. exd5 Qxd5 3. Nc3 Qd6 4. d4 Nf6 5. Nf3 a6 6. g3 Nc6 7. h3 Bf5 8. Bg2
O-O-O 9. Be3 h6 10. O-O e5 11. Nxe5 Nxe5 12. dxe5 Qxd1 13. Rfxd1 Nd7 14. g4
Bxc2 15. Rd2 Bg6 16. Rad1 Bb4 17. Bxb7+ Kxb7 18. Rxd7 Rxd7 19. Rxd7 Kc6 20. Rd4
Ba5 21. f4 f5 22. Rc4+ Kb7 23. b4 Bb6 24. Bxb6 cxb6 25. Nd5 Rg8 26. Ne7 Bf7 27.
Rd4 Rf8 28. Rd7+ Kb8 29. Nxf5 Be6 30. Rxg7 Bxf5 31. gxf5 Rxf5 32. Rg4 Kc7 33.
Kf2 Kc6 34. Ke3 Kd5 35. Rg6 Rh5 36. Rd6+ Kc4 37. Rxb6 Rxh3+ 38. Ke4 Rh1 39.
Rxa6 Kxb4 40. Kf5 h5 41. Rh6 Kc5 42. Kg5 Rg1+ 43. Kxh5 Kd5 44. a4 Ra1 45. Ra6
Ke4 46. e6 Kxf4 47. Kg6 Re1 48. Kf7 1-0

[Event "Championnat de France - Juniors Filles"]
[Site "TROYES"]
[Date "2010.04.17"]
[Round "7.4"]
[White "Sanchez, Amelie"]
[Black "Le Berre, Tennessee"]
[Result "0-1"]
[WhiteElo "1860"]
[BlackElo "1799"]
[PlyCount "62"]

1. e4 c5 2. Nf3 Nc6 3. d4 cxd4 4. Nxd4 Nf6 5. Nc3 d6 6. Bc4 g6 7. O-O Bg7 8.
Be3 O-O 9. f3 Bd7 10. Nce2 Qc7 11. Bb3 Na5 12. c3 Nxb3 13. Nxb3 Bc6 14. Kh1 d5
15. exd5 Nxd5 16. Bd4 Rad8 17. Qc1 e5 18. Rf2 f5 19. Nc5 Qe7 20. Rf1 b6 21. Nd3
Qb7 22. Qc2 e4 23. Ndf4 exf3 24. Ne6 fxe2 25. Nxd8 Rxd8 26. Qd2 Re8 27. Rg1 Nf6
28. Rae1 Ne4 29. Qe3 Bh6 30. Qf3 Nd2 31. Qe3 Be4 0-1

[Event "Championnat de France - Juniors Filles"]
[Site "TROYES"]
[Date "2010.04.17"]
[Round "7.5"]
[White "Mallard, Ophelie"]
[Black "Langlet, Stephanie"]
[Result "1-0"]
[WhiteElo "1670"]
[BlackElo "1470"]
[PlyCount "81"]

1. f4 d5 2. Nf3 Nf6 3. e3 Bg4 4. h3 Bxf3 5. Qxf3 e6 6. b3 Be7 7. Bb2 Nbd7 8.
Be2 c5 9. O-O O-O 10. d3 b5 11. Nd2 Nb6 12. g4 h6 13. Rf2 d4 14. e4 Nfd7 15.
Raf1 f6 16. h4 e5 17. f5 b4 18. Qg3 Kh8 19. Bc1 Rg8 20. Nf3 Nf8 21. Rh2 g6 22.
Bxh6 gxf5 23. exf5 Nh7 24. Nd2 Nd5 25. Ne4 Rc8 26. Kh1 Ne3 27. Bxe3 dxe3 28.
Qxe3 Qd4 29. Qxd4 cxd4 30. Bf3 Rg7 31. Ra1 a5 32. Rg1 Rcg8 33. Nd2 Ra8 34. Bxa8
Nf8 35. Ne4 Nh7 36. g5 fxg5 37. hxg5 Bxg5 38. Nxg5 Rxg5 39. Rxg5 e4 40. Bd5
exd3 41. Rg8# 1-0

[Event "Championnat de France - Juniors Filles"]
[Site "TROYES"]
[Date "2010.04.17"]
[Round "7.6"]
[White "Belier, Marie"]
[Black "Bartolo, Alexia"]
[Result "0-1"]
[WhiteElo "1430"]
[BlackElo "1553"]
[PlyCount "32"]

1. d4 d5 2. c4 c6 3. Nc3 Nf6 4. Nf3 Bg4 5. e3 Nbd7 6. Be2 Qa5 7. Qb3 Rb8 8. O-O
e6 9. Bd2 Qc7 10. Rfc1 Ne4 11. cxd5 exd5 12. Rc2 Nxd2 13. Rxd2 Bd6 14. h3 Be6
15. Rc1 O-O 16. Nxd5 Qd8 0-1

[Event "Championnat de France des Jeunes - Cade"]
[Site "TROYES"]
[Date "2010.04.17"]
[Round "8.1"]
[White "Ollier, Pablo"]
[Black "Buscara, Sevan"]
[Result "1-0"]
[WhiteElo "2294"]
[BlackElo "2238"]
[PlyCount "0"]

1. d4 g6 2. c4 Bg7 3. Nc3 c5 4. d5 Bxc3+ 5. bxc3 f5 6. e4 fxe4 7. Qc2 Nf6 8. f3
Qa5 9. fxe4 d6 10. Nf3 Nbd7 11. Be2 Nxe4 12. Bd3 Nef6 13. O-O b5 14. cxb5 Nxd5
15. Be4 Bb7 16. c4 Nb4 17. Qc3 Bxe4 18. Qxh8+ Nf8 19. Bh6 O-O-O 20. Bxf8 Nc2
21. Rac1 Ne3 22. Rfe1 Bxf3 23. Rxe3 Qd2 24. Rxf3 Qxc1+ 25. Rf1 Qe3+ 26. Kh1 Qe2
27. Qa1 d5 28. cxd5 Rxd5 29. Bh6 Qxb5 30. h3 Qe2 31. Re1 Qh5 32. Qh8+ Kd7 33.
Qa8 e6 34. Qxa7+ Kc8 35. Qa6+ Kd8 36. Qb6+ 1-0

[Event "Championnat de France des Jeunes - Cade"]
[Site "TROYES"]
[Date "2010.04.17"]
[Round "8.2"]
[White "Grandadam, Nicolas"]
[Black "Ludwig, Remi"]
[Result "0-1"]
[WhiteElo "2232"]
[BlackElo "2200"]
[PlyCount "104"]

1. d4 g6 2. c4 Bg7 3. e4 c5 4. Nf3 d6 5. Nc3 Bg4 6. d5 Nf6 7. Be2 O-O 8. O-O e6
9. h3 Bxf3 10. Bxf3 exd5 11. cxd5 a6 12. a4 Nbd7 13. Bf4 Qe7 14. Bh2 Rab8 15.
Rb1 b5 16. axb5 axb5 17. b4 Rfc8 18. bxc5 Rxc5 19. Na2 Nxe4 20. Re1 f5 21. Bxe4
fxe4 22. Nb4 Rf8 23. f3 Rc4 24. Nc6 Qh4 25. Rxe4 Rxe4 26. fxe4 Qxe4 27. Bxd6
Ra8 28. Qe1 Qxb1 29. Qxb1 Ra1 30. Qxa1 Bxa1 31. Bb4 Kf7 32. Kf1 Nf6 33. Ne7 Bc3
34. Bxc3 Kxe7 35. d6+ Ke6 36. Ke2 Nd5 37. Bd2 Kxd6 38. Kd3 Kc5 39. g4 b4 40.
Kc2 Kc4 41. h4 Nf6 42. g5 Ne4 43. Bf4 b3+ 44. Kb2 Nf2 45. Bd6 Nd3+ 46. Kb1 Kd5
47. Be7 Ke6 48. Bf6 Kf5 49. Bd8 Kg4 50. Be7 Kxh4 51. Bd8 Kh5 52. Be7 h6 0-1

[Event "Championnat de France des Jeunes - Cade"]
[Site "TROYES"]
[Date "2010.04.17"]
[Round "8.3"]
[White "Massoni, Michael"]
[Black "Dubessay, Bastien"]
[Result "1-0"]
[WhiteElo "2292"]
[BlackElo "2212"]
[PlyCount "85"]

1. e4 c5 2. Nf3 d6 3. d4 cxd4 4. Nxd4 Nf6 5. Nc3 Nc6 6. Be2 e5 7. Nf3 h6 8. O-O
Be7 9. Re1 O-O 10. h3 Be6 11. Bf1 Qa5 12. Bd2 Qd8 13. Na4 d5 14. exd5 Qxd5 15.
c4 Qd6 16. Bc3 Nd7 17. Qxd6 Bxd6 18. Rad1 Bc7 19. b4 f6 20. b5 Na5 21. Nd4 exd4
22. Bxa5 Bxa5 23. Rxe6 Kf7 24. Re4 Bb6 25. Nxb6 axb6 26. Rexd4 Nc5 27. R1d2
Rfe8 28. Be2 Ne4 29. Rd7+ Kf8 30. Rc2 Re7 31. Rxe7 Kxe7 32. Bf3 Nc5 33. Re2+
Kd7 34. Kh2 Ra3 35. Bd5 Kd6 36. f3 Rc3 37. h4 Ra3 38. h5 Kd7 39. Kg3 Kd6 40.
Kg4 Nd3 41. Kf5 Ne5 42. f4 Nd3 43. Re3 1-0

[Event "Championnat de France des Jeunes - Cade"]
[Site "TROYES"]
[Date "2010.04.17"]
[Round "8.4"]
[White "Dionisi, Thomas"]
[Black "Bouget, Alexandre"]
[Result "1-0"]
[WhiteElo "2142"]
[BlackElo "2173"]
[PlyCount "63"]

1. e4 e5 2. Nf3 Nc6 3. Bb5 f5 4. Nc3 fxe4 5. Nxe4 d5 6. Nxe5 dxe4 7. Nxc6 Qg5
8. Qe2 Nf6 9. f4 Qxf4 10. Ne5+ c6 11. d4 Qh4+ 12. g3 Qh3 13. Bc4 Be6 14. Bg5
O-O-O 15. O-O-O Bd6 16. Nf7 Bxf7 17. Bxf7 Qd7 18. Bb3 Rde8 19. c4 h6 20. Bxf6
gxf6 21. c5 Bc7 22. Rhf1 f5 23. Qe3 b6 24. Kb1 bxc5 25. dxc5 Qh7 26. Bc4 Kb8
27. Qb3+ Ka8 28. Qa4 Qg6 29. Rd6 Bxd6 30. Qxc6+ Kb8 31. Qd5 Rh7 32. cxd6 1-0

[Event "Championnat de France des Jeunes - Cade"]
[Site "TROYES"]
[Date "2010.04.17"]
[Round "8.5"]
[White "Song, Julien"]
[Black "Najart, David"]
[Result "1-0"]
[WhiteElo "2329"]
[BlackElo "1990"]
[PlyCount "65"]

1. d4 Nf6 2. c4 g6 3. Nc3 Bg7 4. Nf3 O-O 5. Bg5 c5 6. d5 b5 7. cxb5 a6 8. e4
axb5 9. Bxf6 exf6 10. Bxb5 d6 11. O-O f5 12. exf5 Bxf5 13. Bd3 Bd7 14. Qd2 Na6
15. a3 Qb6 16. Rab1 Rfe8 17. Qf4 Nc7 18. Ng5 Rf8 19. Nge4 Ne8 20. Rfe1 h6 21.
h4 Rc8 22. Nd2 Qd8 23. Nc4 Qf6 24. Qxf6 Bxf6 25. g3 Bd8 26. a4 f5 27. a5 Ra8
28. Ra1 Bc7 29. Bc2 Nf6 30. Ba4 Bxa4 31. Rxa4 Kf7 32. Nb5 Nxd5 33. Rd1 1-0

[Event "Championnat de France des Jeunes - Cade"]
[Site "TROYES"]
[Date "2010.04.17"]
[Round "8.6"]
[White "Villegas, Pierre"]
[Black "Nari, Damien"]
[Result "1/2-1/2"]
[WhiteElo "2257"]
[BlackElo "1863"]
[PlyCount "132"]

1. d4 d5 2. c4 c6 3. Nc3 e5 4. dxe5 d4 5. Ne4 Qa5+ 6. Bd2 Qxe5 7. Ng3 Nf6 8.
Nf3 Qd6 9. Qc2 Be7 10. e3 dxe3 11. Bxe3 O-O 12. Be2 Qc7 13. O-O Na6 14. a3 Nc5
15. b4 Ne6 16. Nf5 Bd8 17. Rad1 g6 18. Nd6 Be7 19. c5 Nd5 20. Bh6 Rd8 21. Ne4
Nf6 22. Rxd8+ Bxd8 23. Rd1 Nxe4 24. Qxe4 Bf6 25. h4 Bd7 26. h5 Re8 27. hxg6
hxg6 28. Bc4 Kh7 29. Qd3 Bc8 30. Qe3 Re7 31. Qc1 Rd7 32. Re1 Rd8 33. Bxe6 Bxe6
34. Bg5 Qe7 35. Qf4 Kg7 36. Re3 Rd1+ 37. Kh2 Rd5 38. Bxf6+ Qxf6 39. Qxf6+ Kxf6
40. Kg3 b6 41. cxb6 axb6 42. Rc3 c5 43. bxc5 Rxc5 44. Rxc5 bxc5 45. Kf4 Bd5 46.
Nd2 Bxg2 47. f3 Bh3 48. Ne4+ Ke7 49. Nxc5 f6 50. a4 Bc8 51. a5 Kd6 52. Ne4+ Ke6
53. a6 g5+ 54. Kg3 Kd5 55. a7 Bb7 56. Kg4 Kc6 57. Nxf6 Kb6 58. Ne4 Kxa7 59.
Kxg5 Kb6 60. Kf6 Kc7 61. Ke5 Kd8 62. f4 Bxe4 63. Kxe4 Ke8 64. Ke5 Ke7 65. f5
Kf7 66. f6 Kf8 1/2-1/2

[Event "Championnat de France des Jeunes - Cade"]
[Site "TROYES"]
[Date "2010.04.17"]
[Round "8.7"]
[White "Bertrand, Quentin"]
[Black "Iwanesko, Alexandre"]
[Result "1-0"]
[WhiteElo "2063"]
[BlackElo "2222"]
[PlyCount "87"]

1. e4 c5 2. Nf3 e6 3. d4 cxd4 4. Nxd4 a6 5. Nc3 Qc7 6. Bd3 Nf6 7. Qe2 d6 8. f4
Nbd7 9. O-O Be7 10. Kh1 b5 11. Bd2 Bb7 12. Rae1 b4 13. Nd1 Nc5 14. Nf2 d5 15.
e5 Nfe4 16. Nxe4 Nxe4 17. Be3 O-O 18. Qh5 g6 19. Qh6 Rfd8 20. Rf3 Bf8 21. Qh4
Be7 22. Qg4 Bc5 23. Rh3 Qb6 24. Qh4 h5 25. Nb3 Bxe3 26. Rexe3 a5 27. Qe1 a4 28.
Nd2 Qd4 29. Rhf3 Nxd2 30. Qxd2 Qxb2 31. Re1 d4 32. Rg3 h4 33. Rg4 h3 34. Bxg6
fxg6 35. Rxg6+ Kf7 36. f5 Bxg2+ 37. Kg1 Rg8 38. Qh6 Raf8 39. Qh7+ Ke8 40. Rxg8
Qc3 41. Qg6+ Kd7 42. Qxe6+ Kc7 43. Qd6+ Kb7 44. Rg7+ 1-0

[Event "Championnat de France des Jeunes - Cade"]
[Site "TROYES"]
[Date "2010.04.17"]
[Round "8.8"]
[White "Mahiouz, Oualid"]
[Black "Feryn, Alexandre"]
[Result "0-1"]
[WhiteElo "2059"]
[BlackElo "2061"]
[PlyCount "78"]

1. e4 c5 2. Nf3 e6 3. d4 cxd4 4. Nxd4 a6 5. Bd3 Nf6 6. O-O Qc7 7. Qe2 d6 8. c4
Nbd7 9. Nc3 Ne5 10. f4 Nxd3 11. Qxd3 Be7 12. b3 O-O 13. Bb2 Nd7 14. Rae1 Bf6
15. Kh1 b6 16. Qe3 Bb7 17. Nde2 Rac8 18. Ng3 Qc5 19. Qd3 b5 20. e5 bxc4 21. Qe2
Bh4 22. Nce4 Bxe4 23. Nxe4 Qc6 24. Rd1 d5 25. Nd6 Rb8 26. f5 c3 27. Ba3 Bg5 28.
h4 Bh6 29. f6 c2 30. Rd3 g6 31. Rd2 Qc3 32. Rxc2 Qxe5 33. Qf3 Rfd8 34. Rc7 Bf8
35. Rc6 Qd4 36. Qg3 Rb6 37. Rfc1 Rxc6 38. Rxc6 Qxf6 39. Rxa6 Qf1+ 0-1

[Event "Championnat de France des Jeunes - Cade"]
[Site "TROYES"]
[Date "2010.04.17"]
[Round "8.9"]
[White "Hutois, Mickael"]
[Black "Billon, Olivier"]
[Result "0-1"]
[WhiteElo "2110"]
[BlackElo "2084"]
[PlyCount "74"]

1. e4 c5 2. Nf3 Nc6 3. d4 cxd4 4. Nxd4 Nf6 5. Nc3 e5 6. Ndb5 d6 7. Bg5 a6 8.
Na3 b5 9. Bxf6 gxf6 10. Nd5 Bg7 11. c3 f5 12. Bd3 Ne7 13. Nxe7 Qxe7 14. c4 d5
15. cxd5 fxe4 16. d6 Qb7 17. Be2 O-O 18. O-O Be6 19. Qd2 Rad8 20. Rfd1 Rd7 21.
Qb4 Rfd8 22. Qc5 Qb8 23. Qc6 Qa8 24. Rac1 Bf8 25. Qxa8 Rxa8 26. Rc6 Rdd8 27.
Nc2 Rac8 28. Nb4 Rxc6 29. Nxc6 Rxd6 30. Rxd6 Bxd6 31. a4 bxa4 32. Bxa6 Bc7 33.
Bb5 Bb3 34. Nb4 Bb6 35. Nc6 Bd4 36. Nxd4 exd4 37. Bc6 d3 0-1

[Event "Championnat de France des Jeunes - Cade"]
[Site "TROYES"]
[Date "2010.04.17"]
[Round "8.10"]
[White "Fevre, Mathieu"]
[Black "Silva, Francis"]
[Result "0-1"]
[WhiteElo "2065"]
[BlackElo "2064"]
[PlyCount "60"]

1. Nf3 Nf6 2. b3 g6 3. Bb2 Bg7 4. e3 O-O 5. d4 e6 6. Nbd2 b6 7. Bd3 Bb7 8. e4
d6 9. Qe2 c5 10. O-O-O cxd4 11. Nxd4 Nbd7 12. c4 Nc5 13. Bc2 d5 14. e5 Nfd7 15.
f4 a5 16. Kb1 f6 17. exf6 Qxf6 18. Rhe1 Rae8 19. g3 e5 20. N4f3 d4 21. fxe5
Nxe5 22. Nxd4 Ned3 23. Qxe8 Nxb2 24. Qxf8+ Qxf8 25. Kxb2 Bxd4+ 26. Kb1 Nd3 27.
Bxd3 Qa3 28. Re8+ Kg7 29. Re7+ Kh6 30. Rxh7+ Kxh7 0-1

[Event "Championnat de France des Jeunes - Cade"]
[Site "TROYES"]
[Date "2010.04.17"]
[Round "8.1"]
[White "Le Bail, Arielle"]
[Black "Soubirou, Oriane"]
[Result "1/2-1/2"]
[WhiteElo "1847"]
[BlackElo "2017"]
[PlyCount "0"]

1. d4 Nf6 2. c4 g6 3. Nc3 d5 4. cxd5 Nxd5 5. e4 Nxc3 6. bxc3 Bg7 7. Nf3 c5 8.
Bb5+ Bd7 9. Bxd7+ Qxd7 10. O-O O-O 11. Be3 Nc6 12. d5 Na5 13. Bxc5 Bxc3 14. Rc1
Bg7 15. Bb4 b6 16. Bxa5 bxa5 17. Rc5 Rfc8 18. Rxa5 Rc4 19. Qd3 Rac8 20. h3 Qb7
21. Qe3 R8c7 22. Ra3 Rc3 23. Rxc3 Rxc3 24. Qd2 Qc7 25. Qe2 Ra3 26. e5 Rc3 27.
Rd1 Rc1 28. Rxc1 Qxc1+ 29. Kh2 Qc5 30. Qd2 Qc7 31. Qd4 f6 32. d6 exd6 33. exd6
Qd7 34. Qc4+ Kf8 35. Qc7 Ke8 36. Qb8+ Kf7 37. g3 Bf8 38. Qc7 Ke8 39. Qb8+ Kf7
40. Qc7 Bg7 41. Qb8 f5 42. Nd4 1/2-1/2